Normal view
MARC view
- Modern transistor electronics analysis and design
Entry Topical Term
001 - CONTROL NUMBER
- control field: 101603
003 - CONTROL NUMBER IDENTIFIER
- control field: NUST
005 - DATE AND TIME OF LATEST TRANSACTION
- control field: 20221028104759.0
008 - FIXED-LENGTH DATA ELEMENTS
- fixed length control field: 221028|| aca||aabn | a|a d
040 ## - CATALOGING SOURCE
- Original cataloging agency: NUST
- Transcribing agency: NUST
150 ## - HEADING--TOPICAL TERM
- Topical term or geographic name entry element: Modern transistor electronics analysis and design
670 ## - SOURCE DATA FOUND
- Source citation: Work cat.: (NUST)180646: Manasse, Fred K. 41585, Modern transistor electronics analysis and design /, 1967
